Départements avec le plus de larges communes - Statistiques

Statistiques générales
  • Ce quiz a été pris 31 fois
  • Le résultat moyen est 11 sur 17
Statistiques - réponses
# de communes Communes Département % Correct
16 Lacanau, Hourtin, La Teste-de-Buch, Carcans, Belin-Béliet, Le Porge, Salles, Mios, Saint-Laurent-Médoc, Lanton, Sainte-Hélène, Saint-Jean-d'Illac, Captieux, Le Barp, Saint-Symphorien & Vendays-Montalivet Gironde
90%
6 Arles, Saintes-Maries-de-la-Mer, Marseille, Saint-Martin-de-Crau, Aix-en-Provence & Istres Bouches-du-Rhône
83%
8 Val-Cenis, Les Belleville, Bourg-Saint-Maurice, Beaufort, Valloire, La Léchère, Bessans & Sainte-Foy-Tarentaise Savoie
79%
12 Saint-Paul-sur-Ubaye, Prads-Haute-Bléone, Uvernet-Fours, Valensole, Méolans-Revel, Bayons, Castellane, Digne-les-Bains, Allos, Val d'Oronaye, Thorame-Haute & Jausiers Alpes-de-Haute-Provence
76%
8 Névache, Dévoluy, Abriès-Ristolas, Vallouise-Pelvoux, La Grave, Gap, Cervières & La Chapelle-en-Valgaudémar Hautes-Alpes
76%
17 Biscarrosse, Sabres, Luxey, Sore, Pissos, Morcenx-la-Nouvelle, Rion-des-Landes, Onesse-Laharie, Mimizan, Lit-et-Mixe, Parentis-en-Born, Ychoux, Saugnac-et-Muret, Lesperon, Escource, Losse & Soustons Landes
76%
20 Maripasoula, Régina, Camopi, Mana, Saint-Élie, Saint-Laurent-du-Maroni, Saül, Roura, Iracoubo, Papaichton, Saint-Georges, Kourou, Grand-Santi, Apatou, Sinnamary, Ouanary, Montsinéry-Tonnegrande, Macouria, Awala-Yalimapo & Matoury Guyane
72%
5 Gavarnie-Gèdre, Cauterets, Bagnères-de-Bigorre, Aragnouet & Arrens-Marsous Hautes-Pyrénées
69%
10 Saint-Paul, Saint-Benoît, Saint-Joseph, Sainte-Rose, Le Tampon, Saint-Philippe, Saint-Denis, Saint-Leu, La Possession & Salazie La Réunion
69%
5 Vallons-de-l'Erdre, Loireauxence, Guémené-Penfao, Plessé & Blain Loire-Atlantique
66%
8 Pont de Montvert - Sud Mont Lozère, Mont Lozère et Goulet, Massegros Causses Gorges, Peyre en Aubrac, Monts-de-Randon, Gorges du Tarn Causses, Meyrueis & La Canourgue Lozère
66%
6 Sartène, Porto-Vecchio, Bonifacio, Zonza, Bastelica & Figari Corse-du-Sud
62%
6 Signes, Hyères, Aiguines, Collobrières, Roquebrune-sur-Argens & Fréjus Var
62%
7 Calenzana, Corte, Galéria, Santo-Pietro-di-Tenda, Ghisoni, Asco, Manso Haute-Corse
59%
6 Sévérac d'Aveyron, Millau, Argences en Aubrac, Saint-Affrique, Nant & Conques-en-Rouergue Aveyron
41%
17 Chemillé-en-Anjou, Noyant-Villages, Baugé-en-Anjou, Segré-en-Anjou Bleu, Beaupréau-en-Mauges, Sèvremoine, Ombrée d'Anjou, Montrevault-sur-Èvre, Mauges-sur-Loire, Lys-Haut-Layon, Orée d'Anjou, Doué-en-Anjou, Gennes-Val-de-Loire, Les Hauts-d'Anjou, Val d'Erdre-Auxence, Brissac Loire Aubance & Loire-Authion Maine-et-Loire
41%
7 Souleuvre en Bocage, Livarot-Pays-d'Auge, Valdallière, Saint-Pierre-en-Auge, Vire Normandie, Noues de Sienne & Mézidon Vallée d'Auge Calvados
38%
Aucun quiz correspondant
Distribution des résultats
% des personnes avec chaque résultat
Percentile par nombre de réponses
Votre historique - résultats
Vous n’avez pas pris ce quiz